Online
Catalog

Otra memoria : (Record no. 7856)

MARC details
000 -CABECERA
campo de control de longitud fija 00769cam a2200217 a 4500
001 - NÚMERO DE CONTROL
campo de control 000008079
005 - FECHA Y HORA DE LA ÚLTIMA TRANSACCIÓN
campo de control 20200929154425.0
008 - DATOS DE LONGITUD FIJA--INFORMACIÓN GENERAL
campo de control de longitud fija 741022s1968 ve 000 0 spa
040 ## - FUENTE DE LA CATALOGACIÓN
Centro catalogador/agencia de origen DO-SdBNP
Lengua de catalogación spa
Centro/agencia transcriptor BNPHU
082 ## - NÚMERO DE LA CLASIFICACIÓN DECIMAL DEWEY
Número de clasificación V863.42
Número de documento/Ítem L579ó
100 1# - ENTRADA PRINCIPAL--NOMBRE DE PERSONA
Nombre de persona León, Jesús Alberto,
Fechas asociadas al nombre 1940-
9 (RLIN) 21984
245 10 - MENCIÓN DE TÍTULO
Título Otra memoria :
Resto del título relatos /
Mención de responsabilidad, etc. Jesús Alberto León.
260 ## - PUBLICACIÓN, DISTRIBUCIÓN, ETC.
Lugar de publicación, distribución, etc. Caracas :
Nombre del editor, distribuidor, etc. Monte Avila,
Fecha de publicación, distribución, etc. 1968.
300 ## - DESCRIPCIÓN FÍSICA
Extensión 137 p. ;
Dimensiones 18 cm.
490 1# - MENCIÓN DE SERIE
Mención de serie Continente
500 ## - NOTA GENERAL
Nota general Incluye bibliografía del autor en la contracubierta.
505 0# - NOTA DE CONTENIDO CON FORMATO
Nota de contenido con formato Otra memoria -- Distancia -- Gesta -- La amistad -- La sombra de tu sonrisa -- Martingala -- Fiestos de guardar.
650 #4 - PUNTO DE ACCESO ADICIONAL DE MATERIA--TÉRMINO DE MATERIA
Término de materia o nombre geográfico como elemento de entrada Cuentos venezolanos
9 (RLIN) 3815
650 #4 - PUNTO DE ACCESO ADICIONAL DE MATERIA--TÉRMINO DE MATERIA
Término de materia o nombre geográfico como elemento de entrada Literatura venezolana
9 (RLIN) 3816
830 #0 - PUNTO DE ACCESO ADICIONAL DE SERIE-TÍTULO UNIFORME
Título uniforme Continente
9 (RLIN) 5070
Holdings
Estado de retiro Estado de pérdida Restricciones de uso No para préstamo Código de colección Localización permanente Ubicación/localización actual Ubicación en estantería Fecha de adquisición Número de inventario Total de préstamos Signatura topográfica completa Código de barras Fecha visto por última vez Precio válido a partir de Tipo de ítem Koha
    Préstamo interno   Monografías: Libros y Folletos General General En catalogación 14.09.2009 LF1   V863.42 L579ó 8079-10 25.06.2020 25.06.2020 Préstamo interno

Powered by Koha